000 00758cam a22002533a 4500
001 20921
003 PGUSA
005 20140828083439.0
008 070328s2007||||xxu|||||s|||||000 | eng d
040 _aPGUSA
_beng
042 _adc
050 4 _aPS
100 1 _aHartley, Marsden,
_d1877-1943
245 1 0 _aAdventures in the Arts :
_bInformal Chapters on Painters, Vaudeville, and Poets
_h[electronic resource] /
_cMarsden Hartley
260 _bProject Gutenberg,
_c2007
506 _aPublic domain in the USA.
516 _aElectronic text
653 _aLiterature, Modern -- History and criticism
653 _aVaudeville
653 _aArt
830 0 _aProject Gutenberg
_v20921
856 4 0 _uhttp://www.gutenberg.org/ebooks/20921
942 _cEB
999 _c250176
_d250176